Estatísticas para Países menos populosos que já participaram da FIFA

Clique aqui para jogar o quiz

Estatísticas Gerais

  • Esse quiz foi jogado 120 vezes
  • A pontuação média é 8 de 15

Estatísticas das Respostas

PopulaçãoPaís% Correto
332.000 habitantesIslândia
83%
3,04 MI habitantesUruguai
67%
10,8 MI habitantesPortugal
61%
8,1 MI habitantesSuíça
61%
4,5 MI habitantesCroácia
55%
5,47 MI habitantesDinamarca
55%
9,08 MI habitantesSuécia
54%
17,1 MI habitantesChile
53%
11,3 MI habitantesBélgica
52%
15,9 MI habitantesEquador
48%
4,4 MI habitantesNova Zelândia
48%
2,54 MI habitantesQatar
46%
10,8 MI habitantesGrécia
35%
22,7 MI habitantesAustrália
32%
26,3 MI habitantesGana
30%

Distribuição das Pontuações

Percentil de Números Respondidos

Porcentagem de Pessoas com Cada Pontuação

Sua Pontuação Histórica

Você não jogou esse quiz